| 000 | 00448nam a2200145 i 4500 | ||
|---|---|---|---|
| 001 | 68031 | ||
| 003 | ES-MaACL | ||
| 007 | t| | ||
| 008 | 040217m19471948it ||||1| ita d | ||
| 100 | 1 |
_aGangi, Celogero. _953852 |
|
| 245 | 1 | 3 |
_aLa sucessione testamentaria nel vigente Diritto italiano / _cCalogero Gangi. |
| 260 |
_aMilano : _bA. Giuffré, _c1947-48 ( _fVarese Maj & Malnati) |
||
| 300 |
_a3 v. ; _c25 cm. |
||
| 852 |
_aES-MaACL _jB-8737-39 _bR.27181 |
||
| 999 |
_c68031 _d68031 |
||